|
|
|
|
| LEADER |
01171nam a2200313 a 4500 |
| 001 |
000025320 |
| 003 |
CZ BrMZK |
| 005 |
20110211125604.0 |
| 007 |
ta |
| 008 |
010907s1984 xr f cze d |
| 015 |
|
|
|a cnb000029000
|
| 035 |
|
|
|a (OCoLC)21925080
|
| 040 |
|
|
|a BOA001
|b cze
|
| 080 |
9 |
|
|a 21
|
| 100 |
1 |
|
|a Čeleda, Jiří,
|d 1916-
|7 jk01021216
|4 aut
|
| 245 |
1 |
0 |
|a Dialog vědy s náboženstvím včera a dnes /
|c Jiří Čeleda, Svatoslava Škramovská
|
| 250 |
|
|
|a 1. vyd.
|
| 260 |
|
|
|a Praha :
|b Horizont,
|c 1984
|
| 300 |
|
|
|a 97 s.
|
| 490 |
1 |
|
|a Zájmové publikace ČÚV Socialistické akademie ČSSR
|
| 504 |
|
|
|a Obsahuje bibliografii
|
| 700 |
1 |
|
|a Škramovská, Svatoslava,
|d 1932-
|7 jk01130374
|4 aut
|
| 810 |
2 |
|
|a Socialistická akademie ČSSR.
|b Český ústřední výbor.
|t Zájmová publikace
|
| 910 |
|
|
|a BOA001
|b PK-0099.379
|b 2-0891.735
|
| 920 |
|
|
|a 000581461
|
| 964 |
|
|
|a Věda - náboženství - vztahy - poč. 20. stol.
|
| 990 |
|
|
|a BK
|
| 996 |
6 |
|
|b 2619118544
|c 2-0891.735
|l MZK
|r Sklad / do 1 hodiny
|n 0
|w 000025320
|u 000020
|a 1
|e BOA001
|j MZK50
|s P
|
| 996 |
7 |
|
|b 3119997528
|c PK-0099.379
|l MZK
|r Sklad / do 1 hodiny
|n 0
|w 000025320
|u 000010
|a 1
|e BOA001
|j MZK50
|s A
|